A new dictionary of the social sciences

Uloženo v:
Podrobná bibliografie
Médium: Kniha
Jazyk:angličtina
Vydáno: Routledge 2010
Tagy: Přidat tag
Žádné tagy, Buďte první, kdo vytvoří štítek k tomuto záznamu!

MARC

LEADER 00000nam a22000007a 4500
008 240806b |||||||| |||| 00| 0 eng d
020 |a 9780202308784 
245 |a A new dictionary of the social sciences  |c Duncan Mitchell G.  |g viii, 244p. 
250 |c Mtchell Duncan G. 
260 |b Routledge  |c 2010  |h London  |i 701400  |l HM425.N42  |m Sociology- Dictionaries  |m Social sciences- Dictionaries 
942 |a lcc  |c BK  |e Adeyemo O.O  |f 06/08/2024 
952 |0 0  |1 0  |2 lcc  |4 0  |6 HM0425 N42  |7 0  |9 5424  |a HOL  |b HOL  |c GJ  |d 2024-08-06  |l 0  |o HM425.N42  |p 2024-0665  |r 2024-08-06 00:00:00  |t 701400  |w 2024-08-06  |y BK 
999 |c 2683  |d 2683